00624nam a2200181 a 45000010005000000030005000050050017000100080041000270200016000680400020000842450130001042600045002343000011002794900024002906500043003146500049003577000036004065411CDMR20151019134801.0130130s1987||||||||||||||||||||||||||||d a845056168X  aCDMRbcatcCDMR 0aPeriodismo y periodistas en la guerra civilc[Juan Marichal ... [et al.]] ; edición al cuidado de Jesús Manuel Martínez aMadridc1987bFundación Banco Exterior a156 p.0 aSeminarios y Cursos04aPeriodismexHistòriayS. XXzEspanya04aEspanyaxHistòriay1936-1939, Guerra Civil1 aMartínez, Jesús Manueleed.